Egypt throughout the ages /

محفوظ في:

مؤلف مشترك: Egypt. Wizārat al-Siyāḥah

مؤلفون آخرون: Sauvaget, Jean, 1901-1950., Weulersse, Jacques, 1905-1946.

التنسيق: كتاب

اللغة: English

الموضوعات:

الوسوم: إضافة وسم

لا توجد وسوم, كن أول من يضع وسما على هذه التسجيلة!

رقم الطلب: (F)DT55 .A53 1939

LEADER 01392namaa2200289 4500
001 16635
003 OSt
005 20221212071907.0
008 130303s1939 ua a g 000 0 eng d
952 |0 0  |1 0  |2 lcc  |4 0  |7 1  |9 8141  |a ARCE  |b ARCE  |d 2020-12-08  |l 0  |o (F)DT55 .A53 1939  |p 1031677  |r 2020-12-08 00:00:00  |w 2020-12-08  |y BK 
999 |c 16340  |d 16340 
040 |c ARCE Library 
043 |a f-ua--- 
050 0 4 |a (F)DT55 .A53 1939 
110 1 |6 880-01  |a Egypt.  |b Wizārat al-Siyāḥah, 
245 1 0 |a Egypt throughout the ages /   |c texte et cliches de J. Sauvaget, J. Weulersse. 
264 1 |a Cairo :   |b Egyptian State Tourist Department,   |c 1939. 
300 |a 162, 42 pages :   |b color illustrations ;   |c 30 cm. 
336 |a text  |b txt  |2 rdacontent 
337 |a unmediated  |b n  |2 rdamedia 
338 |a volume  |b nc  |2 rdacarrier 
651 0 |a Egypt  |x Description and travel. 
700 1 |a Sauvaget, Jean,  |d 1901-1950.  |9 39255 
700 1 |a Weulersse, Jacques,   |d 1905-1946.  |9 42104 
880 1 |6 110-01/(3/r  |a مصر.‪‪‪‪‪‪‪‪‪‪‪‪‪‪‪‪‪‪‪‪‪‪‪‪‪‪‪‪‪‪‪‪‪‪‪‪‪‪‪‪‪‪‪‪‪‪‪‪‪‪‪‪‪‪‪‪  |b وزارة السياحة.‪‪‪‪‪‪‪‪‪‪‪‪‪‪‪‪‪‪‪‪‪‪‪‪‪‪‪‪‪‪‪‪‪‪‪‪‪‪‪‪‪‪‪‪‪‪‪‪‪‪‪‪‪‪‪‪ 
901 |a reviewed 
942 |c BK  |2 lcc